Children’s and young people’s nursing in practice: a problem-based learning approach / (Record no. 2753)

MARC details
000 -LEADER
fixed length control field 00754nam a2200241 4500
003 - CONTROL NUMBER IDENTIFIER
control field OSt
005 - DATE AND TIME OF LATEST TRANSACTION
control field 20240725082354.0
008 - FIXED-LENGTH DATA ELEMENTS--GENERAL INFORMATION
fixed length control field 240725b |||||||| |||| 00| 0 eng d
020 ## - INTERNATIONAL STANDARD BOOK NUMBER
International Standard Book Number 1403933936
040 ## - CATALOGING SOURCE
Original cataloging agency DWCL-Main lib.
Transcribing agency OC
082 ## - DEWEY DECIMAL CLASSIFICATION NUMBER
Classification number Circ. 618.9200231 C536 2007
006 - FIXED-LENGTH DATA ELEMENTS--ADDITIONAL MATERIAL CHARACTERISTICS
fixed length control field a
245 ## - TITLE STATEMENT
Title Children’s and young people’s nursing in practice: a problem-based learning approach /
260 ## - PUBLICATION, DISTRIBUTION, ETC.
Place of publication, distribution, etc. N. Y. :
Name of publisher, distributor, etc. Palgrave MacMillan,
Date of publication, distribution, etc. c2007.
300 ## - PHYSICAL DESCRIPTION
Extent x,
Other physical details 434 p. : ill. ;
Dimensions 25 cm.
504 ## - BIBLIOGRAPHY, ETC. NOTE
Bibliography, etc. note Includes bibliographical references & index.
650 ## - SUBJECT ADDED ENTRY--TOPICAL TERM
Topical term or geographic name entry element 1. Pediatric nursing.
650 ## - SUBJECT ADDED ENTRY--TOPICAL TERM
Topical term or geographic name entry element 2. Nursing care plans.
700 ## - ADDED ENTRY--PERSONAL NAME
Personal name Valerie Coleman
700 ## - ADDED ENTRY--PERSONAL NAME
Personal name Lynda Smith
700 ## - ADDED ENTRY--PERSONAL NAME
Personal name Maureen Bradshaw
942 ## - ADDED ENTRY ELEMENTS (KOHA)
Source of classification or shelving scheme Dewey Decimal Classification
Suppress in OPAC No
Koha item type Book Circulation
Call number prefix Circ.
Holdings
Withdrawn status Lost status Source of classification or shelving scheme Damaged status Not for loan Home library Current library Date acquired Source of acquisition Total Checkouts Full call number Barcode Date last seen Copy number Price effective from Koha item type Uniform Resource Identifier
    Dewey Decimal Classification     HM & Nursing Library HM & Nursing Library 09/29/2010 School Fund   Circ. 618.9200231 C536 2007 47815 07/25/2024 c1 07/25/2024 Book Circulation